000 00305nam a22001337a 4500
020 _a978-81-291-3554
082 _a825
_bBHA/W
100 _aBHAGAT,CHETAN
245 _aWHAT YOUNG INDIA WANTS
260 _aNEW DELHI
_bRUPA PUBLICATIONS
_c2012
300 _a181
650 _aESSAYS
_zNEW DELHI
942 _cBK
999 _c3639
_d3639